Vianočná logistika - starostlivé plánovanie

Plánovanie logistiky spotrebného tovaru z Číny a Ďalekého východu určeného na vianočný trh. Výber produktov uskutočnený do konca augusta. Plánovanie a zebezpečenie kapacít na transport. Dostatočné a primerané zásoby. Pripravenosť skladových priestorov. Distribúcia tovaru s možnosťou nejneskoršieho d...

Descripción completa

Guardado en:
Detalles Bibliográficos
Autor principal: Brezovský, Jozef
Formato: Capítulo de libro
Lenguaje:eslovaco
Materias:
Etiquetas: Agregar Etiqueta
Sin Etiquetas, Sea el primero en etiquetar este registro!

MARC

LEADER 00000naa a2200000 4500
001 0222027
005 20231011074011.0
041 0 |a slo 
044 |a CZ 
245 1 0 |a Vianočná logistika - starostlivé plánovanie  |c Jozef Brezovský 
520 |a Plánovanie logistiky spotrebného tovaru z Číny a Ďalekého východu určeného na vianočný trh. Výber produktov uskutočnený do konca augusta. Plánovanie a zebezpečenie kapacít na transport. Dostatočné a primerané zásoby. Pripravenosť skladových priestorov. Distribúcia tovaru s možnosťou nejneskoršieho dodania do dvoch týždňov pred dôležitými sezónami. 
610 2 0 |a logistika 
610 2 0 |a distribúcia 
610 2 0 |a zásobovanie 
610 2 0 |a skladovanie 
610 2 0 |a plánovanie 
610 2 0 |a tovar spotrebný 
610 2 0 |a dovoz 
610 2 0 |a preprava 
100 1 |a Brezovský, Jozef